00958cam a22002411 4500001001300000003000400013005001700017008004100034010001700075025001900092035002000111040001800131042001200149050002300161100002900184245031500213250001300528260003900541300002600580651004800606700004500654999001700699sa 65008354 DLC20260227112155.0870814s1965 ii 000 0 eng  asa 65008354  aPL480:I-E-4596 a(OCoLC)16464703 aDLCcWaUdDLC apremarc00aKNS2408b.S66 19651 aSrivastava, Kirpa Dayal.10aDisciplinary action against government servants and its remedies.bA comprehensive and practical book dealing with dismissals, removals, discharge, suspensions, reduction in rank, retrenchment, compulsory retirement, superannuation and resignation, etc.,cby Kirpa Dayal Srivastava and Naresh Kumar Srivastava. a[2d ed.] aLucknow,bEastern Book Co.c[1965] alviii, 680 p.c25 cm. 0aIndiaxOfficials and employeesxDiscipline.1 aSrivastava, Naresh Kumar,ejoint author. c65695d65695